Social Issues (Français > anglais) - Statistiques

Statistiques générales
  • Ce quiz a été pris 25 fois
  • Le résultat moyen est 7 sur 57
Statistiques - réponses
Hint Réponse % Correct
perspectives sinistres bleak outlook
60%
mauvais traitements infligés aux enfants child abuse
60%
soutien de famille breadwinner
40%
inquiétude concern
40%
coût de la vie cost of living
40%
sans-abri (les) homeless (the)
40%
solitude loneliness
40%
souffrir de to suffer from
40%
richesse(s) wealth
40%
logement social council housing
20%
personne à charge dependant
20%
dépendance économique economic dependency
20%
chômeurs (les) jobless (the)
20%
délinquence (juvénile) (juvenile) delinquency
20%
soupe populaire kitchen soup
20%
taudis slum
20%
échelle sociale social ladder
20%
services sociaux social services
20%
assistante sociale social worker
20%
voyou/casseur thug
20%
être frappé par to be hit by
20%
frapper to strike
20%
menacer to threaten
20%
allocations familiales family allowances
0%
les riches et les pauvres haves and have-nots (the)
0%
mauvais traitements ill treatment
0%
revenu minimum d'insertion (RMI) income support
0%
insertion integration
0%
déshérités (les) needy (the)
0%
délit offence
0%
exclus (les) outcasts (the)
0%
difficultés (les) plight
0%
logements insalubres poor housing
0%
dénuement poverty
0%
relance recovery
0%
conjoncture situation
0%
niveau de vie standard of living
0%
économie prospère thriving economy
0%
être dans la misère to be badly off
0%
être en grande difficulté to be in dire straits
0%
recevoir l'aide sociale to be on welfare
0%
être en pleine expansion to boom
0%
affronter/faire face to cope with
0%
freiner les dépenses to curb expenses
0%
être à la charge de to depend on
0%
se développer to expand
0%
mettre un obstacle to hamper
0%
entraver to hinder
0%
vivre au jour le jour to live from hand to mouth
0%
agresser to mug
0%
se redresser to pick up
0%
se révolter contre to rebel against
0%
secourir to rescue/to save
0%
abriter to shelter
0%
résoudre une difficulté to solve a problem
0%
lutter contre to struggle against
0%
État providence Welfare State
0%
Aucun quiz correspondant
Distribution des résultats
% des personnes avec chaque résultat
Percentile par nombre de réponses
Votre historique - résultats
Vous n’avez pas pris ce quiz